Một mối tình : Tiểu thuyết

Spremljeno u:
Bibliografski detalji
Glavni autor: Shields, Carol
Format: Knjiga
Jezik:Undetermined
Izdano: Hà Nội Phụ Nữ 2004
Teme:
Oznake: Dodaj oznaku
Bez oznaka, Budi prvi tko označuje ovaj zapis!
Thư viện lưu trữ: Trung tâm Học liệu Trường Đại học Cần Thơ
LEADER 00594nam a2200217Ia 4500
001 CTU_73850
008 210402s9999 xx 000 0 und d
020 |b 50000 
082 |a 823.9 
082 |b S555 
100 |a Shields, Carol 
245 0 |a Một mối tình : 
245 0 |b Tiểu thuyết 
245 0 |c Carol Shields ; Nguyễn Văn Hạnh (dịch) 
260 |a Hà Nội 
260 |b Phụ Nữ 
260 |c 2004 
650 |a English fiction 
650 |y 20th century 
904 |i Mai Loan, QHieu 
980 |a Trung tâm Học liệu Trường Đại học Cần Thơ